Регионална библиотека "Любен Каравелов" - Русе

Ловеч (Запис номер 389256)

MARC детайли
000 -Лидер
Контролно поле с фиксирана дължина nkm a22 a 4500
003 - Код на организацията, давaща контролен номер
Контролно поле BLK
005 - Дата и час на последна редакция
Контролно поле 20210215162714.0
008 - Елементи от данни с фиксирана дължина
fixed length control field 200929b bu ||||| |||| 00| 0 bu d913
040 ## - Източник на каталожния запис
Идентификатор на билиотеката - собственик на записа BLK
041 ## - Код за език
Код за езика на текст/звукозапис или на отделно заглавие Български
Код за езика КДБФ Български
080 ## - УДК
Текстов определител УДК География на България
УДК код - определител по УДК 913(497.2)
УДК - код + определител 913(497.2)
139 ## - Редно поле
Редна дума Ловеч
245 ## - Сведения за заглавието
Заглавие Ловеч
260 ## - Област на издателските данни
9 (RLIN) 434662
Място на издаване, разпространение и проч. Ловеч
Име на издателя, разпространителя и проч. Градски народен съвет
Година на издаване 1966
380 ## - Жанр
Жанр География
700 ## - Други автори (авторска отговорност)
9 (RLIN) 1478
Лично име Цветанов, Н.
Автороска отговорност (Описва отношението между автора и произведението) състав.
700 ## - Други автори (авторска отговорност)
9 (RLIN) 1311
Лично име Панчев, Б.
Автороска отговорност (Описва отношението между автора и произведението) ред.
852 ## - Местоположение
Форматна сигнатура Цб 303008
999 ## - СИСТЕМНИ КОНТРОЛНИ НОМЕРА
Koha biblionumber 389256
Koha biblioitemnumber 389256
942 ## - АРТИКУЛИ
Вид на библиотечния материал Графични издания
Скрит в OPAC Не
Периодичен библиозапис Да
944 ## - СЪЗДАВАНЕ И РЕДАКЦИЯ на ЗАПИСА
Създаване/Редакция Създаване
Дата на регистрацията/редакция 2020-09-29
Служител, извършил регистрацията/редакцията ВР
999 ## - СИСТЕМНИ КОНТРОЛНИ НОМЕРА
Koha biblioitemnumber 389256
Наличности
Код за отписване Код за изгубен артикул Източник на класификационната схема Код за повреда Коз за рестрикции Код за отдаване Артикулен № Име на библиотеката - собственик Име на библиотеката, в която се намира в момента Статус (Текущо местоположение) Дата на вписване в системата Местоположение - отдел Цена в лева Инвентарен номер Систематично азбучна сигнатура Баркод Цена в евро Служебен тип на артикула
  Не е изгубен Universal Decimal Classification Не е повреден само за читалня ползва се в читалня 802008 Регионална библиотека "Любен Каравелов" Русе Регионална библиотека "Любен Каравелов" Русе Хранилище 2020-09-30 Хранилище 1.50 101678 Цб 303008 120000101678 0.77 Графични издания
Vip Innovations Ltd, Rousse, Bulgaria 2025